Second Crusade - Statistics

General Stats
  • This quiz has been taken 28 times
  • The average score is 7 of 15
Answer Stats
Question Answer % Correct
This Crusade was in response to the fall of this County Edessa
93%
This Turkish atabeg conquered the above Zengi
93%
The Pope also expanded crusading to this peninsula Iberian
73%
Despite heavy losses of their forces, the leaders of the Crusade decided to attempt a siege of this city, which ultimately failed Damascus
60%
In the aftermath of this failed Crusade, this strategic city was finally seized by forces from the Kingdom of Jerusalem in 1153 Ascalon
53%
French King who was co-leader of the crusade Louis VII
53%
German King who was co-leader of the crusade Conrad III
47%
Pope during the Second Crusade Eugene III
47%
A myriad of Christian forces helped King Alfonso I to capture this city Lisbon
47%
Date of the Second Crusade 1147-1149
40%
German forces clashed and lost this battle with the Seljuks Battle of Dorylaeum
33%
Saint who performed many miracles as he urged Germans to take the cross Bernard of Clairvaux
20%
The German forces took a land route through this country Hungary
20%
This bull was issued so that travel-adverse Germans could still crusade against this Slavic people The Wends
20%
Name of the papal bull that declared the spiritual rewards were equal for all crusading causes Divina Dispensatione
7%
No matching quizzes found
Score Distribution
Percent of People with Each Score
Percentile by Number Answered
Your Score History
You have not taken this quiz